[Event "Rentree-A"]
[Site "Gatineau CAN"]
[Date "2016.09.13"]
[Round "1"]
[White "Thibault, Mario"]
[Black "Gagnon, Fabien"]
[Result "0-1"]
[WhiteElo "1813"]
[BlackElo "1968"]
[PlyCount "102"]
[EventDate "2016.09.13"]
[EventType "swiss"]
[EventRounds "5"]
[EventCountry "CAN"]

1. e4 e6 2. d3 c5 3. Nf3 Nc6 4. g3 g6 5. Bg2 Bg7 6. O-O Nge7 7. Re1 d6 8. Nbd2
O-O 9. Nf1 Rb8 10. c3 b5 11. d4 b4 12. Be3 bxc3 13. bxc3 cxd4 14. cxd4 d5 15.
Rb1 dxe4 16. Rxb8 Nxb8 17. N3d2 f5 18. Nb3 Nbc6 19. Qd2 a5 20. Rc1 a4 21. Nc5
Bxd4 22. Bxd4 Qxd4 23. Qc2 a3 24. Qb3 Qb4 25. Ne3 Rd8 26. Bf1 Rd2 27. Bc4 Qxb3
28. Bxb3 Na5 29. Nc4 Nxb3 30. axb3 Rd8 31. Nxa3 Nd5 32. Nc4 Kf8 33. Ra1 Ne7 34.
Nb6 Kf7 35. Ra7 Kf6 36. Rc7 e5 37. Kf1 Be6 38. Ke2 h6 39. b4 Rd4 40. b5 f4 41.
Nbd7+ Bxd7 42. Nxd7+ Ke6 43. Nxe5 Nd5 44. Nc6 Nc3+ 45. Kf1 Rd1+ 46. Kg2 f3+ 47.
Kh3 Nxb5 48. Rb7 Nd6 49. Nd8+ Kf6 50. Rd7 e3 51. fxe3 f2 0-1

[Event "Rentree-A"]
[Site "Gatineau CAN"]
[Date "2016.09.20"]
[Round "2"]
[White "Bastien, Andre"]
[Black "Danilov, Alex"]
[Result "1-0"]
[WhiteElo "1840"]
[BlackElo "1761"]
[PlyCount "83"]
[EventDate "2016.09.13"]
[EventType "swiss"]
[EventRounds "5"]
[EventCountry "CAN"]

1. d4 Nf6 2. c4 e6 3. Nc3 Bb4 4. g3 Ne4 5. Qc2 d5 6. Bg2 Nc6 7. Nf3 O-O 8. O-O
Nxc3 9. bxc3 Be7 10. e4 dxe4 11. Qxe4 Bd7 12. d5 Na5 13. Bf4 exd5 14. cxd5 Bf6
15. Rac1 Re8 16. Qd3 g5 17. Bd2 b5 18. Nd4 c6 19. Qf3 Nc4 20. Be3 Ne5 21. Qd1
cxd5 22. Bxd5 Bg4 23. Qb3 Rb8 24. Bg2 Qc8 25. Qc2 b4 26. c4 Bd7 27. Be4 Ng6 28.
Bd5 Ne7 29. Bg2 a5 30. Qd2 h6 31. f4 g4 32. f5 Bxd4 33. Qxd4 Nxf5 34. Qxg4+ Ng7
35. Qf4 Nf5 36. Ba7 Rb7 37. Bf2 Qb8 38. Qd2 Rc7 39. g4 Ng7 40. Qxh6 Bxg4 41.
Bd4 f5 42. Bd5+ 1-0

[Event "Rentree-A"]
[Site "Gatineau CAN"]
[Date "2016.09.20"]
[Round "2"]
[White "Gagnon, Fabien"]
[Black "Arsenault, Michel"]
[Result "1/2-1/2"]
[WhiteElo "1968"]
[BlackElo "1869"]
[PlyCount "132"]
[EventDate "2016.09.13"]
[EventType "swiss"]
[EventRounds "5"]
[EventCountry "CAN"]

1. d4 Nf6 2. Nf3 e6 3. c4 b6 4. g3 Bb7 5. Bg2 Be7 6. O-O O-O 7. Nc3 Ne4 8. Bd2
f5 9. Rc1 d6 10. Ne1 Nd7 11. f3 Nxd2 12. Qxd2 Nf6 13. e4 Nxe4 14. fxe4 Bg5 15.
Qd1 Be3+ 16. Kh1 Bxc1 17. Qxc1 fxe4 18. Rxf8+ Qxf8 19. Qe3 d5 20. Bh3 Qf7 21.
Ng2 c6 22. Nf4 Re8 23. Bxe6 Rxe6 24. Nxe6 Qxe6 25. cxd5 cxd5 26. Qf4 h6 27.
Qb8+ Bc8 28. Qa8 e3 29. Kg1 Kh7 30. Qxd5 e2 31. Qxe6 Bxe6 32. Kf2 Bc4 33. b3
Bf7 34. Kxe2 Kg6 35. Ne4 a5 36. Nc3 Kf5 37. h3 Bg8 38. Ke3 Bf7 39. Ne4 Bd5 40.
g4+ Ke6 41. Nc3 Bc6 42. h4 Be8 43. a3 Kd6 44. Ne4+ Ke6 45. Nd2 b5 46. b4 axb4
47. axb4 Bg6 48. Nf3 Bc2 49. Ne5 Bd1 50. Ke4 Bc2+ 51. Nd3 g5 52. hxg5 hxg5 53.
Ke3 Bd1 54. Nf2 Bc2 55. Ne4 Bd1 56. Nc3 Bxg4 57. Nxb5 Kd5 58. Nc3+ Kc4 59. Ne4
Kxb4 60. Nxg5 Kc4 61. Ke4 Bc8 62. Ke5 Bb7 63. Nf7 Ba8 64. Nd6+ Kb4 65. Nf7 Kc4
66. Nd8 Bg2 1/2-1/2

[Event "Rentree-A"]
[Site "Gatineau CAN"]
[Date "2016.09.20"]
[Round "2"]
[White "Jobin, Gilles G"]
[Black "Raymond, Daniel"]
[Result "1-0"]
[WhiteElo "1783"]
[BlackElo "1741"]
[PlyCount "57"]
[EventDate "2016.09.13"]
[EventType "swiss"]
[EventRounds "5"]
[EventCountry "CAN"]

1. e4 c5 2. c3 d5 3. exd5 Qxd5 4. d4 Nc6 5. Nf3 Nf6 6. Na3 Bg4 7. Bc4 Qd8 8.
Qb3 Qb6 9. Bxf7+ Kd8 10. dxc5 Qxb3 11. Bxb3 e5 12. Be3 a6 13. Ng5 Bh5 14. f3
Ke7 15. g4 Bg6 16. Ne6 Bf7 17. Nxf8 Bxb3 18. axb3 Rhxf8 19. O-O-O e4 20. g5 Nd7
21. fxe4 Rf3 22. Nc4 Nde5 23. Nxe5 Nxe5 24. Rhe1 Ng4 25. Bd4 g6 26. Rf1 Rxf1
27. Rxf1 Ke6 28. h3 Ne5 29. Rf6+ 1-0

[Event "Rentree-A"]
[Site "Gatineau CAN"]
[Date "2016.09.20"]
[Round "2"]
[White "Laferriere, Bruno"]
[Black "Rose, Richard"]
[Result "1-0"]
[WhiteElo "1916"]
[BlackElo "2042"]
[PlyCount "53"]
[EventDate "2016.09.13"]
[EventType "swiss"]
[EventRounds "5"]
[EventCountry "CAN"]

1. e4 c5 2. Nf3 Nc6 3. Nc3 d6 4. d4 cxd4 5. Nxd4 Nf6 6. Be2 e5 7. Nxc6 bxc6 8.
O-O Be7 9. Bg5 h6 10. Bh4 O-O 11. Bg3 Be6 12. Kh1 Qb6 13. Rb1 Rfe8 14. f4 exf4
15. Bxf4 d5 16. exd5 cxd5 17. Bf3 Rad8 18. Ne2 Ne4 19. Qe1 Bc5 20. Bxe4 dxe4
21. b3 g5 22. Qg3 Qa6 23. Bxg5 hxg5 24. Qxg5+ Kh8 25. Rf4 Bf5 26. Qxf5 Qxe2 27.
Qf6+ 1-0

[Event "Rentree-A"]
[Site "Gatineau CAN"]
[Date "2016.09.27"]
[Round "3"]
[White "Bastien, Andre"]
[Black "Desjardins, Michel"]
[Result "1/2-1/2"]
[WhiteElo "1840"]
[BlackElo "1931"]
[PlyCount "71"]
[EventDate "2016.09.13"]
[EventType "swiss"]
[EventRounds "5"]
[EventCountry "CAN"]

1. d4 d5 2. c4 c6 3. Nc3 Nf6 4. Bg5 Ne4 5. Bh4 Qa5 6. Rc1 Nxc3 7. Rxc3 Qxa2 8.
cxd5 Qxd5 9. f3 e6 10. Kf2 Bb4 11. Rd3 O-O 12. e4 Qh5 13. Bg3 c5 14. Bd6 Rd8
15. Be7 Rd7 16. g4 Qh6 17. Bxc5 Nc6 18. Bxb4 Nxb4 19. Rd2 a6 20. h4 Qf4 21. Nh3
Qd6 22. Qb3 Qb6 23. Qe3 Nc6 24. d5 Qd8 25. Nf4 Ne5 26. Rc2 Rc7 27. Qc1 Rxc2+
28. Qxc2 exd5 29. exd5 Qb6+ 30. Kg3 Qd6 31. Bd3 g6 32. Re1 Bd7 33. Qc3 Re8 34.
Qd4 Re7 35. Rc1 Re8 36. Be4 1/2-1/2

[Event "Rentree-A"]
[Site "Gatineau CAN"]
[Date "2016.09.27"]
[Round "3"]
[White "Danilov, Alex"]
[Black "Scantland, Patrick"]
[Result "1-0"]
[WhiteElo "1761"]
[BlackElo "1754"]
[PlyCount "75"]
[EventDate "2016.09.13"]
[EventType "swiss"]
[EventRounds "5"]
[EventCountry "CAN"]

1. Nf3 Nf6 2. c4 d6 3. g3 g6 4. Bg2 Bg7 5. Nc3 O-O 6. O-O Nbd7 7. b3 e5 8. Bb2
Re8 9. Qc2 Rb8 10. a4 b6 11. d4 Bb7 12. Nb5 a6 13. dxe5 dxe5 14. Nc3 Qe7 15. e4
Nf8 16. Nd5 Nxd5 17. exd5 c6 18. Ba3 c5 19. Bb2 Nd7 20. Nd2 f5 21. Rae1 Qd6 22.
f3 Re7 23. Re2 Rbe8 24. Rfe1 Bc8 25. Nf1 Nf6 26. f4 e4 27. Be5 Qd8 28. Ne3 Nd7
29. Bxg7 Kxg7 30. Rd2 Nf6 31. d6 Re6 32. Red1 Qd7 33. Qc3 Kg8 34. a5 b5 35.
cxb5 Qxb5 36. Bf1 Qc6 37. Bc4 Bd7 38. Qxf6 1-0

[Event "Rentree-A"]
[Site "Gatineau CAN"]
[Date "2016.09.27"]
[Round "3"]
[White "Gagnon, Fabien"]
[Black "Laferriere, Bruno"]
[Result "0-1"]
[WhiteElo "1968"]
[BlackElo "1916"]
[PlyCount "160"]
[EventDate "2016.09.13"]
[EventType "swiss"]
[EventRounds "5"]
[EventCountry "CAN"]

1. e4 c5 2. Nf3 Nc6 3. d4 cxd4 4. Nxd4 Nf6 5. Nc3 d6 6. Bc4 e6 7. Bb3 Be7 8.
Be3 a6 9. O-O Qc7 10. a4 O-O 11. f4 Na5 12. Qe2 Nxb3 13. Nxb3 Bd7 14. Nd4 Rac8
15. h3 h6 16. Rf2 Rfe8 17. Raf1 Bf8 18. g4 Qc4 19. g5 Qxe2 20. Ndxe2 Nh5 21. h4
b5 22. axb5 axb5 23. Rc1 b4 24. Nd1 e5 25. gxh6 gxh6 26. f5 Bc6 27. Rg2+ Kh7
28. Nf2 Bb5 29. Ng3 Nf6 30. Nd3 Bxd3 31. cxd3 Rxc1+ 32. Bxc1 Rc8 33. Bd2 d5 34.
exd5 Nxd5 35. Ne4 Rc2 36. Be1 Rxg2+ 37. Kxg2 Nf4+ 38. Kf3 Nxd3 39. Bg3 Be7 40.
f6 Bd8 41. b3 Kg6 42. Ke3 Nf4 43. Bxf4 exf4+ 44. Kxf4 Bc7+ 45. Kg4 h5+ 46. Kf3
Be5 47. Nc5 Bxf6 48. Nd3 Bc3 49. Nf4+ Kh6 50. Ke4 Bd2 51. Nd5 Kg6 52. Kd3 Be1
53. Ke2 Bxh4 54. Nxb4 Kf5 55. Kf3 Bg5 56. Nd3 Bd8 57. Nf2 Ke5 58. Nh3 f5 59. b4
h4 60. b5 Bc7 61. Ng5 Kd5 62. Nh3 Kc5 63. Ng5 Kxb5 64. Nh3 Kc4 65. Ng5 Kd5 66.
Nh3 Ke6 67. Ng5+ Ke5 68. Nh3 Kf6 69. Nf2 Ba5 70. Nh3 Bd2 71. Ke2 Bc1 72. Kf3
Ke5 73. Nf2 Kd4 74. Ke2 Be3 75. Nd1 f4 76. Kf3 h3 77. Nb2 Bg1 78. Na4 Kd3 79.
Nb2+ Kc3 80. Na4+ Kc2 0-1

[Event "Rentree-A"]
[Site "Gatineau CAN"]
[Date "2016.09.27"]
[Round "3"]
[White "Jobin, Gilles G"]
[Black "Thibault, Mario"]
[Result "1/2-1/2"]
[WhiteElo "1783"]
[BlackElo "1813"]
[PlyCount "78"]
[EventDate "2016.09.13"]
[EventType "swiss"]
[EventRounds "5"]
[EventCountry "CAN"]

1. e4 c5 2. c3 g6 3. d4 cxd4 4. Qxd4 Nf6 5. Bb5 Bg7 6. e5 Ng8 7. Bf4 a6 8. Ba4
b5 9. Bc2 Bb7 10. Nf3 Bxf3 11. gxf3 d5 12. a4 Nc6 13. Qe3 e6 14. axb5 axb5 15.
Rxa8 Qxa8 16. Na3 Nge7 17. O-O O-O 18. Nxb5 Rb8 19. Bd3 Qa4 20. Nd4 Nxd4 21.
Qxd4 Qxd4 22. cxd4 Nc6 23. Be3 Rxb2 24. Rc1 Ne7 25. Rb1 Rxb1+ 26. Bxb1 Nf5 27.
Bxf5 gxf5 28. Kg2 f6 29. f4 Kf7 30. Kg3 Kg6 31. Kh4 Bh6 32. exf6 Kxf6 33. Kh5
Bg7 34. Kh4 Kg6 35. f3 Bf6+ 36. Kh3 Kh5 37. Bf2 h6 38. Kg2 Kg6 39. Kh3 Kh5
1/2-1/2

[Event "Rentree-A"]
[Site "Gatineau CAN"]
[Date "2016.10.04"]
[Round "4"]
[White "Danilov, Alex"]
[Black "Gagnon, Fabien"]
[Result "0-1"]
[WhiteElo "1761"]
[BlackElo "1968"]
[PlyCount "98"]
[EventDate "2016.09.13"]
[EventType "swiss"]
[EventRounds "5"]
[EventCountry "CAN"]

1. Nf3 Nf6 2. c4 e6 3. Nc3 d5 4. e3 Be7 5. b3 O-O 6. Bb2 c5 7. d4 Nc6 8. Be2
dxc4 9. bxc4 b6 10. O-O cxd4 11. exd4 Bb7 12. a4 Rc8 13. Rc1 Na5 14. Nb1 Ba6
15. Na3 Bxa3 16. Bxa3 Re8 17. Ne5 Nd7 18. c5 Bxe2 19. Qxe2 bxc5 20. dxc5 Nxe5
21. Qxe5 Nc6 22. Qe4 Qd4 23. Qc2 Qf6 24. Bb2 Qf4 25. Rcd1 Red8 26. Rxd8+ Rxd8
27. Bc1 Qd4 28. Be3 Qd3 29. Qxd3 Rxd3 30. Ra1 Kf8 31. g3 Ke8 32. Kf1 Kd7 33.
Ke2 Rb3 34. Rd1+ Kc7 35. f4 Ra3 36. Bd4 Ra2+ 37. Kf3 Nxd4+ 38. Rxd4 Rc2 39. h4
Rxc5 40. g4 a5 41. g5 h5 42. Ke4 g6 43. Kd3 Rd5 44. Kc4 Kc6 45. Re4 Kd6 46. Rd4
Kc6 47. Re4 Rc5+ 48. Kd4 Kd6 49. Re5 Rd5+ 0-1

[Event "Rentree-A"]
[Site "Gatineau CAN"]
[Date "2016.10.04"]
[Round "4"]
[White "Laferriere, Bruno"]
[Black "Bastien, Andre"]
[Result "1-0"]
[WhiteElo "1916"]
[BlackElo "1840"]
[PlyCount "81"]
[EventDate "2016.09.13"]
[EventType "swiss"]
[EventRounds "5"]
[EventCountry "CAN"]

1. e4 d5 2. exd5 Nf6 3. Nf3 c6 4. dxc6 Nxc6 5. Nc3 e5 6. d3 Bb4 7. Bd2 O-O 8.
Be2 Bf5 9. a3 Bd6 10. Ng5 Rc8 11. Nge4 Be7 12. O-O Nd4 13. Ng3 Be6 14. Re1 Nd5
15. Bf3 f6 16. Nf1 Qd7 17. Bxd5 Bxd5 18. Nxd5 Qxd5 19. Ne3 Qb5 20. Nc4 Qd7 21.
a4 Rfd8 22. Bc3 Qf5 23. Bxd4 Rxd4 24. Qe2 Bc5 25. Kh1 Rf4 26. f3 Rh4 27. g3 Rd4
28. Qg2 a6 29. a5 Rcd8 30. Re4 Qg5 31. Rxd4 Rxd4 32. Qe2 h5 33. Re1 Qg6 34. Qg2
Qh6 35. Qh3 h4 36. Qc8+ Kh7 37. Qxc5 hxg3 38. Re2 Qh3 39. Rg2 Rh4 40. Qg1 g5
41. Rxg3 1-0

[Event "Rentree-A"]
[Site "Gatineau CAN"]
[Date "2016.10.04"]
[Round "4"]
[White "Raymond, Daniel"]
[Black "Thibault, Mario"]
[Result "1-0"]
[WhiteElo "1741"]
[BlackElo "1813"]
[PlyCount "105"]
[EventDate "2016.09.13"]
[EventType "swiss"]
[EventRounds "5"]
[EventCountry "CAN"]

1. e4 c5 2. Nf3 g6 3. d4 cxd4 4. Nxd4 Nc6 5. Nc3 Nf6 6. Be2 Bg7 7. Be3 O-O 8.
O-O d6 9. Nb3 Be6 10. f4 Qc8 11. Kh1 Rd8 12. Bf3 Bc4 13. Rf2 e5 14. Rd2 exf4
15. Bxf4 Ne5 16. Be2 Bxe2 17. Qxe2 Nc4 18. Nd5 Nxd5 19. Rxd5 Bxb2 20. Rf1 Bg7
21. Qf3 Qc7 22. Rc5 Qxc5 23. Nxc5 dxc5 24. Bg5 Rd7 25. Qb3 Ne5 26. h3 c4 27.
Qb5 a6 28. Qb6 Rc8 29. a4 c3 30. a5 h6 31. Bf4 Nc4 32. Qb4 Nd2 33. Rd1 Rc4 34.
Qxc4 Nxc4 35. Rxd7 g5 36. Bc7 Ne3 37. Rd3 Nxc2 38. e5 Na3 39. Rxc3 Nb5 40. Rc5
Bf8 41. Rc1 Bb4 42. Bb6 Bc3 43. Bc7 Kg7 44. e6 fxe6 45. Rxc3 Nxc3 46. Be5+ Kg6
47. Bxc3 Kf5 48. Kg1 Ke4 49. Kf2 h5 50. Ke2 g4 51. h4 Kd5 52. Ke3 Kc6 53. Ke4
1-0

[Event "Rentree-A"]
[Site "Gatineau CAN"]
[Date "2016.10.04"]
[Round "4"]
[White "Scantland, Patrick"]
[Black "Jobin, Gilles G"]
[Result "1/2-1/2"]
[WhiteElo "1754"]
[BlackElo "1783"]
[PlyCount "81"]
[EventDate "2016.09.13"]
[EventType "swiss"]
[EventRounds "5"]
[EventCountry "CAN"]

1. d4 d6 2. Nf3 Bg4 3. c4 Bxf3 4. exf3 c6 5. Nc3 Nd7 6. Bd3 Ngf6 7. O-O g6 8.
Re1 Bg7 9. f4 O-O 10. b3 Re8 11. Bb2 Nh5 12. Ne2 e5 13. fxe5 dxe5 14. Qc2 exd4
15. Nxd4 Rxe1+ 16. Rxe1 Nc5 17. Rd1 Bxd4 18. Bxd4 Qxd4 19. Bxg6 Qe5 20. Bxh7+
Kh8 21. Qf5 Re8 22. Qxe5+ Rxe5 23. Bb1 Nf6 24. f3 Re7 25. Kf2 Rd7 26. Rxd7
Ncxd7 27. Bd3 c5 28. a3 a5 29. g4 Ne5 30. Bf5 Nc6 31. Bc2 Nd4 32. Bd1 Kg7 33.
Ke3 Kg6 34. h4 Nd7 35. f4 Kf6 36. Ke4 Nb6 37. f5 Nc6 38. g5+ Kg7 39. h5 f6 40.
Kf4 fxg5+ 41. Kxg5 1/2-1/2

[Event "Rentree-A"]
[Site "Gatineau CAN"]
[Date "2016.10.11"]
[Round "5"]
[White "Gagnon, Fabien"]
[Black "Desjardins, Michel"]
[Result "0-1"]
[WhiteElo "1968"]
[BlackElo "1931"]
[PlyCount "104"]
[EventDate "2016.09.13"]
[EventType "swiss"]
[EventRounds "5"]
[EventCountry "CAN"]

1. d4 d5 2. c4 c6 3. Nf3 Nf6 4. Nc3 a6 5. c5 Nbd7 6. Bf4 Nh5 7. Qd2 Nxf4 8.
Qxf4 Nf6 9. Ne5 Be6 10. e3 g6 11. Be2 Bg7 12. O-O O-O 13. b4 Qb8 14. Qh4 Qc7
15. Na4 Ne4 16. f3 g5 17. Qe1 Nf6 18. Nb6 Rad8 19. a4 Nd7 20. Nexd7 Bxd7 21.
Qg3 Qxg3 22. hxg3 e5 23. Rfd1 Rfe8 24. Kf2 Re7 25. b5 exd4 26. exd4 Rde8 27.
Bf1 axb5 28. axb5 Bf5 29. Ra7 Bc2 30. Rd2 Bf5 31. g4 Bg6 32. bxc6 bxc6 33. Ra4
f5 34. gxf5 Bxf5 35. g4 Bg6 36. Re2 h5 37. Rxe7 Rxe7 38. gxh5 Bxh5 39. Bh3 Kh7
40. Bd7 Rf7 41. Bxc6 Rxf3+ 42. Kg2 Rd3 43. Bxd5 Rd2+ 44. Kg3 Rd3+ 45. Kg2 Rd2+
46. Kf1 Bxd4 47. Nd7 Bg4 48. Be4+ Kg7 49. c6 Rf2+ 50. Ke1 Re2+ 51. Kd1 Rxe4+
52. Kc2 Bf5 0-1

[Event "Rentree-A"]
[Site "Gatineau CAN"]
[Date "2016.10.11"]
[Round "5"]
[White "Jobin, Gilles G"]
[Black "Arsenault, Michel"]
[Result "1/2-1/2"]
[WhiteElo "1783"]
[BlackElo "1869"]
[PlyCount "71"]
[EventDate "2016.09.13"]
[EventType "swiss"]
[EventRounds "5"]
[EventCountry "CAN"]

1. e4 c5 2. c3 Nf6 3. d4 Nxe4 4. Qf3 d5 5. dxc5 e5 6. Bb5+ Nc6 7. Bxc6+ bxc6 8.
b4 Be7 9. Nd2 Nf6 10. Qe2 O-O 11. Ngf3 Re8 12. h3 a5 13. Nb3 Ba6 14. Qc2 axb4
15. cxb4 Qb8 16. Bd2 Ne4 17. a4 Nxd2 18. Qxd2 e4 19. Nfd4 e3 20. Qc3 exf2+ 21.
Kxf2 Bh4+ 22. g3 Re4 23. gxh4 Qf4+ 24. Qf3 Qxh4+ 25. Kg2 Rae8 26. b5 Bc8 27.
Raf1 f6 28. Qg3 Rxd4 29. Nxd4 Qxd4 30. Rf2 Qxc5 31. Qc7 Qe3 32. Qxc6 Qe4+ 33.
Rf3 Qe2+ 34. Rf2 Qe4+ 35. Rf3 Qe2+ 36. Rf2 1/2-1/2

[Event "Rentree-A"]
[Site "Gatineau CAN"]
[Date "2016.10.11"]
[Round "5"]
[White "Raymond, Daniel"]
[Black "Bastien, Andre"]
[Result "0-1"]
[WhiteElo "1741"]
[BlackElo "1840"]
[PlyCount "102"]
[EventDate "2016.09.13"]
[EventType "swiss"]
[EventRounds "5"]
[EventCountry "CAN"]

1. e4 d5 2. exd5 Nf6 3. Nf3 Nxd5 4. d4 Bf5 5. Bd3 g6 6. Nc3 Bg7 7. Bxf5 gxf5 8.
Nxd5 Qxd5 9. Bf4 Qe4+ 10. Be3 f4 11. Ng5 Qf5 12. Qf3 Qxg5 13. Qxb7 O-O 14. Qxa8
fxe3 15. O-O exf2+ 16. Kh1 Bxd4 17. c3 Bb6 18. Rad1 Kh8 19. Rd3 Qe5 20. Qf3 Qe6
21. b3 Nd7 22. Qd1 Nf6 23. c4 Rg8 24. Rd8 Ne4 25. Rxg8+ Kxg8 26. Qd3 f5 27. b4
c5 28. b5 Bc7 29. g3 Be5 30. a4 Bd4 31. a5 Nd6 32. b6 axb6 33. a6 Nc8 34. Kg2
Kf7 35. Qf3 Qe4 36. Qxe4 fxe4 37. Rb1 e3 38. Kf1 Kf6 39. Rb3 Ke5 40. Ke2 h5 41.
Ra3 Na7 42. Rb3 Ke4 43. Rxb6 f1=Q+ 44. Kxf1 Kd3 45. Re6 Nc6 46. h3 Ne5 47. Rxe5
Bxe5 48. a7 e2+ 49. Kg2 e1=Q 50. a8=Q Qe2+ 51. Kg1 Qe1+ 0-1

[Event "Rentree-A"]
[Site "Gatineau CAN"]
[Date "2016.10.11"]
[Round "5"]
[White "Rose, Richard"]
[Black "Danilov, Alex"]
[Result "0-1"]
[WhiteElo "2042"]
[BlackElo "1761"]
[PlyCount "50"]
[EventDate "2016.09.13"]
[EventType "swiss"]
[EventRounds "5"]
[EventCountry "CAN"]

1. e4 c5 2. Nf3 e6 3. d4 cxd4 4. Nxd4 Nc6 5. Nc3 Qc7 6. Be2 a6 7. O-O Nf6 8.
Be3 Bb4 9. Nxc6 dxc6 10. Na4 O-O 11. c3 Be7 12. Bb6 Qe5 13. Bd3 Qh5 14. f3 Nd7
15. Be3 b5 16. Nb6 Bc5 17. Nxa8 Bxe3+ 18. Kh1 Bf4 19. h3 Qg5 20. Bc2 Qe7 21. g3
Bxg3 22. Rg1 Qh4 23. Qf1 Bb7 24. Qg2 Be5 25. Raf1 g6 0-1

[Event "Rentree-A"]
[Site "Gatineau CAN"]
[Date "2016.10.11"]
[Round "5"]
[White "Thibault, Mario"]
[Black "Scantland, Patrick"]
[Result "0-1"]
[WhiteElo "1813"]
[BlackElo "1754"]
[PlyCount "114"]
[EventDate "2016.09.13"]
[EventType "swiss"]
[EventRounds "5"]
[EventCountry "CAN"]

1. e4 c5 2. Nc3 d6 3. f4 g6 4. Nf3 Nc6 5. Bb5 Bd7 6. Bxc6 Bxc6 7. d3 Bg7 8. O-O
e6 9. Be3 Ne7 10. d4 b6 11. Qe2 O-O 12. Rad1 Qc7 13. e5 Bxf3 14. Rxf3 cxd4 15.
exd6 Qxd6 16. Nb5 Qb4 17. Bxd4 Bxd4+ 18. Nxd4 Qxb2 19. Rb3 Qxa2 20. Qe1 Qa4 21.
Qh4 Nd5 22. Rh3 h5 23. Qg5 Qe8 24. Rxh5 f6 25. Qg3 Nxf4 26. Rh4 e5 27. Rxf4
exf4 28. Qxf4 Rd8 29. c3 Qe5 30. Qg4 Kf7 31. Qf3 Rfe8 32. Qc6 Rc8 33. Qd7+ Qe7
34. Qd5+ Kg7 35. Rf1 Rxc3 36. Nf3 Qe3+ 37. Kh1 Qd3 38. Qb7+ Kf8 39. Rg1 Qe4 40.
Qh7 Rxf3 41. Qh8+ Ke7 42. Qg7+ Ke6 43. Qxa7 Rb3 44. Qa2 Qe3 45. Qc2 Kf7 46.
Qc4+ Qe6 47. Qc7+ Re7 48. Qf4 Re3 49. Qh6 Re1 50. Qh7+ Ke8 51. Qxg6+ Kd7 52.
Qd3+ Kc7 53. Qc2+ Kb7 54. h3 Rxg1+ 55. Kxg1 Qe3+ 56. Kh2 Qe5+ 57. Kh1 Qg3 0-1

[Event "Rentree-B"]
[Site "Gatineau CAN"]
[Date "2016.09.13"]
[Round "1"]
[White "Berthiaume, Serge"]
[Black "Arcand, Pierre"]
[Result "1-0"]
[WhiteElo "1463"]
[BlackElo "1257"]
[PlyCount "53"]
[EventDate "2016.09.13"]
[EventType "swiss"]
[EventRounds "5"]
[EventCountry "CAN"]

1. d4 d5 2. Nf3 Nf6 3. Bf4 Nc6 4. e3 e6 5. a3 Ne4 6. Nbd2 Nxd2 7. Qxd2 Be7 8.
Bd3 O-O 9. O-O-O Bd7 10. h4 Bd6 11. Qe2 Bxf4 12. exf4 Qf6 13. g3 g6 14. c3 a6
15. Ne5 Nxe5 16. fxe5 Qe7 17. f4 b5 18. Qe3 Rac8 19. h5 c5 20. Kb1 c4 21. Bc2
a5 22. hxg6 fxg6 23. Rd2 b4 24. Rdh2 Rf7 25. Bxg6 hxg6 26. Rh8+ Kg7 27. R1h7#
1-0

[Event "Rentree-B"]
[Site "Gatineau CAN"]
[Date "2016.09.13"]
[Round "1"]
[White "Bourbonnais, Luc"]
[Black "Sabourin, Yves"]
[Result "1-0"]
[WhiteElo "1265"]
[BlackElo "1485"]
[PlyCount "28"]
[EventDate "2016.09.13"]
[EventType "swiss"]
[EventRounds "5"]
[EventCountry "CAN"]

1. e4 e6 2. d4 d5 3. Nc3 Nf6 4. e5 Nfd7 5. Nf3 c5 6. Be2 Nc6 7. Be3 cxd4 8.
Bxd4 a6 9. O-O Qc7 10. Re1 Ndxe5 11. Nxe5 Nxe5 12. Bxe5 Qxe5 13. Bb5+ Bd7 14.
Bxd7+ Kxd7 1-0

[Event "Rentree-B"]
[Site "Gatineau CAN"]
[Date "2016.09.13"]
[Round "1"]
[White "Lecorre, Joel"]
[Black "Ethier, Valori"]
[Result "0-1"]
[WhiteElo "1564"]
[BlackElo "1319"]
[PlyCount "82"]
[EventDate "2016.09.13"]
[EventType "swiss"]
[EventRounds "5"]
[EventCountry "CAN"]

1. e4 c6 2. d4 d5 3. e5 Bf5 4. Nc3 e6 5. g4 Bg6 6. h4 h6 7. h5 Bh7 8. Bd3 Bxd3
9. Qxd3 Nd7 10. Be3 Be7 11. f4 Bh4+ 12. Ke2 Be7 13. Nf3 Qc7 14. f5 O-O-O 15. a3
Nf8 16. b4 Nh7 17. Rhf1 Ng5 18. Nxg5 Bxg5 19. fxe6 Rf8 20. Qf5 Ne7 21. Qf3 fxe6
22. Qxf8+ Rxf8 23. Rxf8+ Kd7 24. Bxg5 hxg5 25. Raf1 Qb6 26. Ke3 Qa6 27. Nb1
Nf5+ 28. R1xf5 exf5 29. Rf7+ Ke6 30. Rxf5 Qc4 31. Rxg5 Qxc2 32. Nd2 Qc3+ 33.
Ke2 Qxd4 34. Nf3 Qb2+ 35. Kf1 Qxa3 36. Rg6+ Kf7 37. Ng5+ Kg8 38. h6 Qa1+ 39.
Kg2 Qb2+ 40. Kh3 Qc3+ 41. Kg2 Qc2+ 0-1

[Event "Rentree-B"]
[Site "Gatineau CAN"]
[Date "2016.09.13"]
[Round "1"]
[White "Masse-Garneau, Anthony"]
[Black "Simard, Paul"]
[Result "1-0"]
[WhiteElo "1327"]
[BlackElo "1165"]
[PlyCount "137"]
[EventDate "2016.09.13"]
[EventType "swiss"]
[EventRounds "5"]
[EventCountry "CAN"]

1. d4 f5 2. c4 e6 3. Nf3 Nf6 4. Bg5 Be7 5. e3 b6 6. Be2 Bb7 7. O-O O-O 8. Bxf6
Bxf6 9. Nbd2 Nc6 10. a3 Ne7 11. b4 c5 12. bxc5 bxc5 13. Rb1 Qc7 14. dxc5 Rab8
15. Nb3 Be4 16. Bd3 Bc6 17. Bc2 Ng6 18. Qd6 Rfc8 19. Qxc7 Rxc7 20. Nfd4 Ne5 21.
Nxc6 Rxc6 22. Rfd1 Rd8 23. Bd3 Ra6 24. Be2 Rxa3 25. Nd4 Ra4 26. Rdc1 Rc8 27. f4
Ng6 28. g3 Ra2 29. Kf1 Be7 30. c6 Nf8 31. cxd7 Nxd7 32. Nxe6 Nc5 33. Nxc5 Bxc5
34. Rc3 Re8 35. Kf2 h6 36. Rd3 Rc2 37. Rbd1 Rxc4 38. Bh5 Rf8 39. Rd5 Bb6 40.
Bg6 Rc5 41. Rxc5 Bxc5 42. Rd5 Bb6 43. Rxf5 a5 44. Rxf8+ Kxf8 45. Bc2 Kf7 46.
Kf3 Kf6 47. e4 Ke6 48. Bb3+ Kd6 49. e5+ Ke7 50. Ke4 Bg1 51. h3 Bf2 52. g4 Bh4
53. Kd5 g5 54. f5 Bg3 55. f6+ Kf7 56. Kd6+ Kf8 57. Ke6 a4 58. Bxa4 h5 59. gxh5
g4 60. hxg4 Bf4 61. Kf5 Bh6 62. g5 Bxg5 63. Kxg5 Kg8 64. Bb3+ Kf8 65. e6 Kg8
66. e7+ Kh7 67. f7 Kg7 68. f8=Q+ Kh7 69. Qh6# 1-0

[Event "Rentree-B"]
[Site "Gatineau CAN"]
[Date "2016.09.13"]
[Round "1"]
[White "Traversy, Pierre"]
[Black "Rioux, Jocelyn"]
[Result "0-1"]
[WhiteElo "1234"]
[BlackElo "1380"]
[PlyCount "106"]
[EventDate "2016.09.13"]
[EventType "swiss"]
[EventRounds "5"]
[EventCountry "CAN"]

1. d4 Nf6 2. c4 e6 3. Nf3 h6 4. Nc3 Bb4 5. Bd2 b6 6. a3 Bxc3 7. Bxc3 d5 8. e3
Ne4 9. Qc2 O-O 10. Bd3 Nd6 11. cxd5 exd5 12. O-O Ba6 13. Bb4 Bxd3 14. Qxd3 Nc6
15. Bxd6 Qxd6 16. b4 a5 17. bxa5 Rxa5 18. Nd2 Rfa8 19. e4 Rxa3 20. e5 Qb4 21.
Rxa3 Rxa3 22. Qc2 Rc3 23. Qd1 Qxd4 24. Nf3 Qxd1 25. Rxd1 d4 26. Kf1 d3 27. Ke1
Nb4 28. Nd2 Nc2+ 29. Kf1 Nd4 30. f4 Ne2 31. g3 Rc1 32. Ke1 Rxd1+ 33. Kxd1 c5
34. Ke1 b5 35. Kf2 c4 36. Ke3 Kf8 37. f5 Ke7 38. g4 Kd7 39. h3 Kc6 40. Ke4 Kc5
41. h4 Nc3+ 42. Ke3 b4 43. g5 b3 44. g6 fxg6 45. e6 gxf5 46. Kf4 Kd6 47. Kxf5
Ke7 48. Nxc4 Na4 49. Nd2 b2 50. Kg6 Nc3 51. Kf5 b1=Q 52. Nxb1 Nxb1 53. Ke4 d2
0-1

[Event "Rentree-B"]
[Site "Gatineau CAN"]
[Date "2016.09.20"]
[Round "2"]
[White "Arcand, Pierre"]
[Black "Simard, Paul"]
[Result "0-1"]
[WhiteElo "1257"]
[BlackElo "1165"]
[PlyCount "78"]
[EventDate "2016.09.13"]
[EventType "swiss"]
[EventRounds "5"]
[EventCountry "CAN"]

1. e4 e5 2. Nf3 d6 3. Nc3 Nd7 4. Bc4 Be7 5. d4 Ngf6 6. O-O O-O 7. d5 c6 8. Bg5
h6 9. Bh4 a5 10. a4 Nc5 11. Re1 Nh5 12. Bxe7 Qxe7 13. Rb1 Nf4 14. Bf1 f5 15. b4
axb4 16. Rxb4 fxe4 17. Nxe4 Nxd5 18. Rb1 Nxa4 19. c4 Ndc3 20. Nxc3 Nxc3 21. Qc2
Nxb1 22. Qxb1 c5 23. Qe4 Be6 24. Bd3 Bf5 25. Qd5+ Qf7 26. Bxf5 Qxd5 27. cxd5
Rxf5 28. Rb1 b5 29. Kf1 b4 30. Nd2 Ra2 31. g4 Rf4 32. Rd1 Rxg4 33. Nf3 Rf4 34.
Kg2 e4 35. Nd2 g5 36. Kg3 Kf7 37. f3 Ra3 38. Rf1 Rd3 39. Rf2 e3 0-1